000 00947cam a22001934a 4500
005 20250605164232.0
008 250528s ||||||||||||||||||||||||d
035 _a21003
020 _a9780745615349
040 _aGR-AtMCL
_bgre
_dGR-AtMCL
_eAACR2
245 1 _aAnthropology of Food / The Social Dynamics of Food Security
260 _bPolicy Press,
_c2007
300 _a236
520 _aAn impressive survey and discussion of recent anthropological research on the lack of fit between the lived realities of those who suffer food shortages and the perceptions of interested policy makers. In Search of Relevance, Food Security in Polity and Practice, Land and Livelihood, Labor Organization on Smallholder Farms, Playing the Food Market, The Politics of Identity, Famine Relief and Famine Prevention, Attractive Simplicity, State of Play, Index.
700 1 _aPottier Johan
_97022
942 _cBK
999 _c6080
_d6080